000 00835nam a2200277Ia 4500
001 Para_1635
003 CHAP
008 220125s1983 xx 000 0 und d
010 _a200272
040 _cCHAP
082 _aPA 634.88 I5
110 _aInstituto Nacional de Investigaciones Agrícolas. México. Centro de Investigaciones Agrícolas del Norte
_9165149
245 _aGuía técnica del viticultor 1983 /
_c por INIA-CIAN.
260 _aMatamoros, Coah. :
_b El instituto
300 _a238 p.
650 _aUva
_x México
_9117134
650 _aVid
_x México
_9119127
650 _aViticultura
_x investigación
_9120062
901 _aPA 634.88 I5
902 _aA
905 _a0000001983 a 0000000000 00
910 _a1983
942 _cPARA
942 _cPARA
_d1
999 _c200272
_d200272